Concept of man iin contemporary China (Record no. 1079120)

MARC details
000 -LEADER
fixed length control field 00764nam a2200289Ia 4500
003 - CONTROL NUMBER IDENTIFIER
control field OSt
005 - DATE AND TIME OF LATEST TRANSACTION
control field 20221006144151.0
008 - FIXED-LENGTH DATA ELEMENTS--GENERAL INFORMATION
fixed length control field 221006b |||||||| |||| 00| 0 eng d
020 ## - INTERNATIONAL STANDARD BOOK NUMBER
-- .95
037 ## - SOURCE OF ACQUISITION
Terms of availability Textual
040 ## - CATALOGING SOURCE
Original cataloging agency EASL
Transcribing agency EASL
Language of cataloging eng
041 ## - LANGUAGE CODE
Source of code eng
Language code of text/sound track or separate title eng
100 ## - MAIN ENTRY--PERSONAL NAME
Personal name MUNRO Donald J
9 (RLIN) 82928
245 #0 - TITLE STATEMENT
Title Concept of man iin contemporary China
260 ## - PUBLICATION, DISTRIBUTION, ETC.
Place of publication, distribution, etc. Ann Arbor
Name of publisher, distributor, etc. University of Michigan Press
Date of publication, distribution, etc. 1979
300 ## - PHYSICAL DESCRIPTION
Extent 248p.
Dimensions cm.
490 ## - SERIES STATEMENT
Volume/sequential designation CEL
650 ## - SUBJECT ADDED ENTRY--TOPICAL TERM
Topical term or geographic name entry element CEL
650 ## - SUBJECT ADDED ENTRY--TOPICAL TERM
Topical term or geographic name entry element Philosophy Chinese
9 (RLIN) 425553
650 ## - SUBJECT ADDED ENTRY--TOPICAL TERM
Topical term or geographic name entry element Man
942 ## - ADDED ENTRY ELEMENTS (KOHA)
Classification part R841,3,9(Y).N7, L9
Koha item type Textual
Source of classification or shelving scheme Colon Classification (CC)

No items available.

Copyright @ Delhi University Library System